[Event "AUTO-OPEN-1255"]
[Site "http://www.queenalice.com/game.php?id=459316"]
[Date "2008.9.6"]
[Round "1"]
[White "jackmate"]
[Black "andorei"]
[Result "1-0"]
[WhiteElo "1794"]
[BlackElo "1298"]

1. e4 e5 2. Nf3 Qe7 3. Nc3 Nc6 4. Bc4 Na5 5. Nd5 Nxc4 6. Nxe7 Bxe7 7. b3 Na5 8.
Nxe5 Bf6 9. Bb2 d6 10. Nd3 Bg5 11. f4 Bh4+ 12. g3 Bf6 13. e5 dxe5 14. Qe2 h5 15.
Nxe5 Bg4 16. Nxg4+ Ne7 17. Nxf6+ gxf6 18. Bxf6 Rg8 19. Qxe7# 1-0

[Event "AUTO-OPEN-1255"]
[Site "http://www.queenalice.com/game.php?id=459317"]
[Date "2008.9.6"]
[Round "1"]
[White "andorei"]
[Black "jackmate"]
[Result "0-1"]
[WhiteElo "1319"]
[BlackElo "1814"]

1. d4 d5 2. Nf3 Nc6 3. e3 Nf6 4. Nc3 e5 5. Ng5 exd4 6. Qh5 Nxh5 7. Nf3 dxc3 8.
bxc3 Bg4 9. Be2 Qf6 10. h3 Qxc3+ 11. Kd1 Nb4 12. Rb1 Qxc2+ 13. Ke1 Qxb1 14. Bb5+
c6 15. Ba4 Qxc1+ 16. Bd1 Bxf3 17. gxf3 Bc5 18. a3 Nc2+ 19. Ke2 Bxe3 20. fxe3
Qxe3+ 21. Kf1 Qe1+ 22. Kg2 Ne3+ 23. Kh2 Qg3# 0-1

[Event "AUTO-OPEN-1255"]
[Site "http://www.queenalice.com/game.php?id=459318"]
[Date "2008.9.6"]
[Round "1"]
[White "jackmate"]
[Black "V_Spy"]
[Result "1-0"]
[WhiteElo "1794"]
[BlackElo "1376"]

1. e4 e5 2. Nf3 d5 3. exd5 Qxd5 4. Nc3 Qe6 5. Be2 e4 6. Nd4 Qg6 7. Nf3 Bf5 8. g4
Qxg4 9. Rg1 Qf4 10. d3 Qd6 11. dxe4 Bg4 12. Qxd6 Bxd6 13. Rxg4 f5 14. Rxg7 fxe4
15. Nxe4 Na6 16. Nxd6+ cxd6 17. Bg5 Rc8 18. Nd4 Rc7 19. Bb5+ Kf8 20. Ne6# 1-0

[Event "AUTO-OPEN-1255"]
[Site "http://www.queenalice.com/game.php?id=459319"]
[Date "2008.9.6"]
[Round "1"]
[White "V_Spy"]
[Black "jackmate"]
[Result "0-1"]
[WhiteElo "1467"]
[BlackElo "1956"]

1. e4 c5 2. Qh5 d6 3. Nc3 Nf6 4. Qe2 e6 5. Nf3 Nc6 6. e5 dxe5 7. Nxe5 Nxe5 8.
Qxe5 a6 9. Bd3 Bd6 10. Qg5 O-O 11. Qh4 b5 12. Ne4 Nxe4 13. Qxd8 Rxd8 14. Bxe4
Rb8 15. O-O Bb7 16. d3 Be5 17. Bxb7 Rxb7 18. Bg5 f6 19. Be3 Bxb2 20. Bxc5 Bxa1
21. Rxa1 Rc8 22. d4 e5 23. Bb4 Rxc2 24. dxe5 Rbc7 25. g3 Rc1+ 26. Rxc1 Rxc1+ 27.
Kg2 fxe5 28. Bd2 Rc2 29. Be3 Rxa2 30. Bc5 a5 31. Bd6 b4 32. Bxe5 b3 33. h4 b2
34. Kh3 b1=Q 35. f4 h5 36. Bc3 Qh1# 0-1

[Event "Let's Play Chess!"]
[Site "http://www.queenalice.com/game.php?id=459435"]
[Date "2008.9.8"]
[Round "-"]
[White "jackmate"]
[Black "mbubi"]
[Result "1-0"]
[WhiteElo "1909"]
[BlackElo "2030"]

1. e4 d5 2. exd5 Qxd5 3. Nf3 Bg4 4. Be2 Nc6 5. Nc3 Qd7 6. O-O Nf6 7. d3 e6 8.
Bf4 a6 9. Re1 Be7 10. Ne4 O-O 11. Nfd2 Bxe2 12. Qxe2 e5 13. Bg5 Nxe4 14. Bxe7
Qxe7 15. Qxe4 f6 16. Qd5+ Kh8 17. Ne4 Nd4 18. Qxb7 Nxc2 19. Rac1 Nxe1 20. Rxc7
Nf3+ 21. gxf3 Qe6 22. Re7 Qxa2 23. Rxg7 Rg8 24. Rg3 Raf8 25. b3 Qb1+ 26. Kg2
Qxd3 27. Qb6 f5 28. Qe6 Qd4 29. Nd6 Rxg3+ 30. hxg3 1-0

[Event "buho21"]
[Site "http://www.queenalice.com/game.php?id=463869"]
[Date "2008.9.16"]
[Round "-"]
[White "jackmate"]
[Black "spawnwolfwolverine"]
[Result "1-0"]
[WhiteElo "1956"]
[BlackElo "1534"]

1. e4 e5 2. Nf3 d6 3. d4 exd4 4. Nxd4 Bd7 5. Bc4 Nc6 6. Qf3 Nf6 7. c3 Be7 8. O-O
O-O 9. Bg5 a6 10. Bd3 Nxd4 11. cxd4 b5 12. Nd2 c5 13. Bxf6 Bxf6 14. e5 dxe5 15.
dxc5 Be6 16. Ne4 Rc8 17. Rad1 Bd5 18. Nxf6+ Qxf6 19. Qxd5 Rcd8 20. Qe4 Rd4 21.
Qxh7# 1-0

[Event "Challenge"]
[Site "http://www.queenalice.com/game.php?id=480704"]
[Date "2008.10.21"]
[Round "-"]
[White "micha"]
[Black "jackmate"]
[Result "1/2-1/2"]
[WhiteElo "1948"]
[BlackElo "1949"]

1. e4 c5 2. Bc4 d6 3. d3 g6 4. Qf3 Nf6 5. h3 Bg7 6. c3 a6 7. a3 Nc6 8. Qe2 b5 9.
Ba2 Bb7 10. Nf3 Qb6 11. Be3 O-O 12. Nbd2 Rad8 13. b4 a5 14. Rb1 axb4 15. axb4
Nd7 16. c4 Ra8 17. bxc5 dxc5 18. Rxb5 Qa7 19. O-O Qxa2 20. Rxb7 Nde5 21. Nxe5
Nxe5 22. Rfb1 Rfd8 23. R7b2 Qa3 24. Rb3 Qa2 25. Bxc5 e6 26. R3b2 Qa5 27. Bb6 Qc3
28. Bxd8 Rxd8 29. Rb3 Qc2 30. Rb8 Rxb8 31. Rxb8+ Bf8 32. Rd8 Kg7 33. Rc8 Nxd3
34. Qe3 Bc5 35. Rxc5 Nxc5 36. Qd4+ f6 37. Qxc5 Qxd2 38. Qe7+ Kh6 39. Qxe6 Qc1+
40. Kh2 Qf4+ 41. Kg1 Qc1+ 42. Kh2 Qf4+ 43. Kg1 1/2-1/2

[Event "Brasil"]
[Site "http://www.queenalice.com/game.php?id=485158"]
[Date "2008.10.30"]
[Round "-"]
[White "jackmate"]
[Black "Equiferus"]
[Result "0-1"]
[WhiteElo "1966"]
[BlackElo "2057"]

1. e4 Nf6 2. Nc3 c5 3. Nf3 d6 4. d4 cxd4 5. Nxd4 e5 6. Nb3 Nc6 7. Bg5 Be7 8. Bb5
Bd7 9. h3 a6 10. Bd3 h6 11. Bxf6 Bxf6 12. Nd5 O-O 13. Qf3 Bg5 14. g3 Be6 15. h4
Be7 16. O-O-O Nb4 17. a3 Nxd3+ 18. Qxd3 a5 19. Nxe7+ Qxe7 20. Qxd6 Qxd6 21. Rxd6
Bxb3 22. cxb3 Rac8+ 23. Kb1 f5 24. exf5 Rxf5 25. Rf1 Rcf8 26. Rd5 b6 27. Rb5 e4
28. Rxb6 Rxf2 29. Re1 Rd2 30. Re6 Rff2 31. R6xe4 Rxb2+ 32. Kc1 Rxb3 33. a4 Ra3
34. R1e2 Rf1+ 35. Kd2 Rxg3 36. Re5 Ra1 37. R5e4 Rga3 38. h5 R1a2+ 39. Ke1 Rxa4
40. Re8+ Kf7 41. R2e7+ Kf6 42. Re6+ Kg5 43. Re5+ Kh4 44. R8e7 Ra1+ 45. Kd2 Rg4
46. Kc3 a4 47. Re4 Rxe4 48. Rxe4+ Kxh5 49. Kb2 Rd1 50. Ka3 g5 51. Kxa4 g4 52.
Kb3 Kh4 53. Kc2 Rd8 0-1

[Event "Challenge"]
[Site "http://www.queenalice.com/game.php?id=487567"]
[Date "2008.11.4"]
[Round "-"]
[White "blikinn"]
[Black "jackmate"]
[Result "1-0"]
[WhiteElo "1970"]
[BlackElo "1954"]

1. d4 d5 2. Bf4 Nc6 3. Nf3 Bf5 4. a3 f6 5. h4 e5 6. dxe5 fxe5 7. Bxe5 Qd7 8. Nc3
O-O-O 9. Bd4 Be7 10. Bxg7 Bf6 11. Bxh8 Bxh8 12. e3 Nf6 13. Qd2 Ne4 14. Nxe4 Bxe4
15. O-O-O Qg7 16. Nd4 Ne7 17. Qb4 Nc6 18. Nxc6 bxc6 19. f3 Bg6 20. Ba6+ Kd7 21.
h5 Rb8 22. Qxb8 Bf7 23. Bc8+ Kd6 24. Bg4 1-0

[Event "Challenge"]
[Site "http://www.queenalice.com/game.php?id=487629"]
[Date "2008.11.4"]
[Round "-"]
[White "jackmate"]
[Black "marcet"]
[Result "1-0"]
[WhiteElo "1952"]
[BlackElo "1894"]

1. e4 e6 2. d4 d5 3. e5 c5 4. c3 Nc6 5. Nf3 f6 6. Bb5 Bd7 7. O-O a6 8. Be2 Be7
9. Be3 Qc7 10. Nbd2 fxe5 11. dxe5 Nxe5 12. Nxe5 Qxe5 13. Nf3 Qf6 14. Re1 Bd6 15.
Qb3 b5 16. Bg5 Qg6 17. Be3 c4 18. Qd1 Nf6 19. Bd4 O-O 20. a3 e5 21. Nxe5 Qg5 22.
Nf3 Qg6 23. Bxf6 Qxf6 24. Qxd5+ Kh8 25. Rad1 Rad8 26. Qxd6 Qxd6 27. Rxd6 a5 28.
Red1 1-0

[Event "Challenge"]
[Site "http://www.queenalice.com/game.php?id=499357"]
[Date "2008.11.28"]
[Round "-"]
[White "Aguinaldo"]
[Black "jackmate"]
[Result "1-0"]
[WhiteElo "1899"]
[BlackElo "1939"]

1. e4 c5 2. Nc3 d6 3. Nf3 Nc6 4. Bb5 Nf6 5. Bxc6+ bxc6 6. d3 e5 7. Bg5 Bg4 8. h3
Bxf3 9. Qxf3 Be7 10. b3 O-O 11. O-O Nd7 12. Bxe7 Qxe7 13. Ne2 Qe6 14. c4 f5 15.
exf5 Rxf5 16. Qxc6 1-0